| 000 | 00472nam a2200181Ia 4500 | ||
|---|---|---|---|
| 008 | 191130s2006##################000#0#eng## | ||
| 020 | _a9780714612034 | ||
| 040 |
_aACL _cACL |
||
| 082 | _a332.10942 AND | ||
| 100 | _aAndrews, A | ||
| 245 |
_aHistory of the Bank of England _cA.Andrews |
||
| 260 |
_aOxon _bFrank Cass & co _c2006 |
||
| 300 | _a455p.;24cm | ||
| 650 | _aEconomics | ||
| 990 | _a34d94087ac10000c363def3300d912ba | ||
| 991 | _a153634 | ||
| 999 |
_c205512 _d205512 |
||